000 00844nam a2200205Ia 4500
001 19863
003 GE_BSU
008 181216s||||||||xx |||||||||||||| ||und||
040 _cGE_BSU
080 _a34
245 _aსაქართველოს კანონი კულტურის შესახებ 2000 წლის 28 ივნისის კანონი #417-სსმ 1. #26, 13.07.2000 წ.
260 _aთბილისი
260 _c?
300 _a16გვ.
541 _h2ლ.40თ.
653 _aბიბლიოთეკარი
653 _aსაქართველოს კანონი კულტურის შესახებ 2000 წლის 28 ივნისის კანონი #417-სსმ 1. #26, 13.07.2000 წ.
653 _aქსეროქსი
942 _cBK
999 _c52833
_d52833